[Event "2nd Silman TNM: Extra Rated"]
[Site "San Francisco"]
[Date "2025.06.17"]
[Round "7"]
[White "Seshadri, Sudarshan"]
[Black "Sankar, Arjun"]
[Result "0-1"]
[Annotator "Winslow,Elliott"]
[WhiteElo "2022"]
[BlackElo "1905"]
[WhiteFideId "-1"]
[WhiteFideId "-1"]
[PlyCount "58"]
[GameId "2190369999735964"]
[EventDate "2025.??.??"]

1. d4 d5 2. c4 c6 3. Nc3 Nf6 4. Nf3 dxc4 5. a4 Bf5 6. Ne5 e6 7. f3 Bb4 8. e4 Bxe4 9. fxe4 Nxe4 10. Qf3 Qxd4 11. Qxf7+ Kd8 12. Bg5+ Nxg5 13. Rd1 Nxf7 14. Rxd4+ Ke7 15. Nxf7 Kxf7 16. Bxc4 Re8 17. O-O+ Ke7 18. Re4 $2 (18. Ne4 $11) 18... Bc5+ $2 $15 (18... Nd7 $1 $19) 19. Kh1 Nd7 20. Bxe6 $2 (20. Rxe6+ Kd8 21. Rxe8+ Kxe8 22. Ne4 Bd4 $15) 20... Nf6 $19 21. Re2 Kd6 22. Rd1+ Kc7 $8 23. Rc1 b6 24. g4 h6 25. h4 Rad8 26. Kg2 Kb7 27. Rd1 Rxd1 28. Nxd1 Nd5 29. Bc8+ $4 Rxc8 0-1